Normal view MARC view

Entry Personal Name

Number of records used in: 1

001 - CONTROL NUMBER

  • control field: 1237932

003 - CONTROL NUMBER IDENTIFIER

  • control field: OSt

005 - DATE AND TIME OF LATEST TRANSACTION

  • control field: 20260430150603.0

008 - FIXED-LENGTH DATA ELEMENTS

  • fixed length control field: 260430|| aca||aabn | a|a d

040 ## - CATALOGING SOURCE

  • Original cataloging agency: OSt
  • Transcribing agency: OSt

100 ## - HEADING--PERSONAL NAME

  • Personal name: Chakraborty Kajol Au.; Mandal Samit Kr. Gu.; Verma Punita Gu

670 ## - SOURCE DATA FOUND

  • Source citation: Work cat.: (OSt)1850147: Chakraborty Kajol Au.; Mandal Samit Kr. Gu.; Verma Punita Gu., Exploring the Influence of Shell Closure on Fission Dynamics of Nuclei in Mass 200 Region, 2024
Copyright @ Delhi University Library System